ASME 2016 35th International Conference on Ocean, Offshore and Arctic Engineering - Volume 7: Ocean Engineering

Bibliographische Detailangaben
Format: Elektronisch Zeitschrift
Sprache:English
Veröffentlicht: ASME
Online Zugang:Full text available on ASME[2016-2016]
Off-campus access
LEADER 01002cas a2200181 a 4500
001 AALConferenceProceedingsASME001141
008 230101c9999 xx r poo 0 0eng d
020 |a 978-0-7918-4998-9 
040 |a BD-DhAAL  |c BD-DhAAL 
245 0 0 |h [electronic resource]  |a ASME 2016 35th International Conference on Ocean, Offshore and Arctic Engineering - Volume 7: Ocean Engineering 
260 |b ASME 
300 |a 1 online resource 
500 |a <strong>Off-Campus Access:</strong> Athens ID and Password Required 
500 |a <strong>On-Campus Access:</strong> No User ID or Password Required 
506 |a Electronic access restricted to authorized BRAC University faculty, staff and students 
538 |a Mode of access: Internet 
856 4 0 |z Full text available on ASME[2016-2016]  |u https://asmedigitalcollection.asme.org/OMAE/OMAE2016/volume/49989 
856 4 0 |z Off-campus access  |u https://go.openathens.net/redirector/bracu.ac.bd?url=https%3A%2F%2Fasmedigitalcollection.asme.org%2FOMAE%2FOMAE2016%2Fvolume%2F49989